|
|
|
|
| LEADER |
00000cam a2200000 4500 |
| 001 |
vtls012019473 |
| 003 |
SK-MaSNL |
| 005 |
20260302004837.0 |
| 008 |
210324s2021 xo e 010 f slo |
| 015 |
|
|
|a SNBA2023/03
|
| 020 |
|
|
|a 9788081642456
|q (viazané)
|
| 040 |
|
|
|a SNK
|b slo
|c SNK
|e rda
|
| 041 |
0 |
|
|a slo
|
| 044 |
|
|
|a xo
|c SK
|
| 072 |
|
7 |
|a 821.162.4-3
|x Slovenská próza
|2 konspekt
|
| 080 |
|
|
|a 821.162.4-31
|2 2011
|
| 080 |
|
|
|a 821-311.6 - hlavný znak
|2 2011
|
| 080 |
|
|
|a (0:82-311.6) - formálny znak
|2 2011
|
| 100 |
1 |
|
|a Hajduková, Michaela Ella,
|d 1984-
|4 aut
|9 164204
|
| 245 |
1 |
0 |
|a Zimný palác
|c Michaela Ella Hajduková
|
| 250 |
|
|
|a Vydanie prvé
|
| 264 |
|
1 |
|a Bratislava
|b Motýľ
|c 2021
|
| 300 |
|
|
|a 468 strán
|c 22 cm
|
| 336 |
|
|
|a text
|b txt
|2 rdacontent
|
| 337 |
|
|
|a bez média
|b n
|2 rdamedia
|
| 338 |
|
|
|a zväzok
|b nc
|2 rdacarrier
|
| 500 |
|
|
|a Miesto vydania podľa NA ISBN
|
| 504 |
|
|
|a Obsahuje bibliografiu
|
| 655 |
|
7 |
|a slovenské romány
|2 SNKPH
|9 70324
|
| 655 |
|
7 |
|a Slovak fiction
|2 SNKPHeng
|9 277096
|
| 655 |
|
7 |
|a Historical novels
|2 SNKPHeng
|9 276887
|
| 655 |
|
7 |
|a historické romány
|2 SNKPH
|9 70253
|
| 852 |
|
|
|a Slovenská národná knižnica
|
| 919 |
|
|
|a 978-80-8164-245-6
|
| 954 |
|
|
|a beletria pôvodná (slovenská)
|2 lita
|
| 958 |
|
|
|a LX
|
| 999 |
|
|
|c 997400
|d 999330
|
| 952 |
|
|
|a SNK
|b SNK
|y PREZ
|7 0
|p 17A1309114
|o snkSC 198387
|i snk2022/11592
|8 0
|0 0
|1 0
|4 0
|d 2022-07-22
|l 0
|r 2025-10-21 00:00:00
|w 2026-02-24
|